[Event "26th WSCC 2016 Open 50+"]
[Site "Marianske Lazne, Czech Republic - Hotel Cristal and Continental"]
[Date "2016.11.28"]
[Round "9.58"]
[White "Hajsman, Ladislav"]
[Black "Valet, Richard"]
[Result "0-1"]
[WhiteElo "1784"]
[BlackElo "1943"]
[PlyCount "80"]
[EventDate "2016.11.19"]

1. d4 Nf6 2. c4 g6 3. Nc3 Bg7 4. e4 d6 5. Nf3 O-O 6. Be2 e5 7. dxe5 dxe5 8.
Qxd8 Rxd8 9. Bg5 Re8 10. Nd5 Nxd5 11. cxd5 c6 12. d6 Be6 13. Be7 f6 14. O-O-O
Nd7 15. b3 b5 16. Kb2 Rec8 17. Rc1 Rab8 18. Ne1 a5 19. Nd3 c5 20. Rc2 c4 21.
Rhc1 f5 22. Bg5 fxe4 23. Ne1 e3 24. g4 exf2 25. Ng2 e4+ 26. Kb1 Nc5 27. Nf4 Bf7
28. Rd1 cxb3 29. axb3 Bxb3 30. Rcd2 Nd7 31. Nd5 Rc5 32. Ne7+ Kf7 33. Be3 Bxd1
34. Rxd1 Rc3 35. Bxf2 Rb3+ 36. Kc1 Rb2 37. Rd2 Bh6 38. Kxb2 Bxd2 39. Bd1 a4 40.
Bc2 e3 0-1

[Event "26th WSCC 2016 Open 50+"]
[Site "Marianske Lazne, Czech Republic - Hotel Cristal and Continental"]
[Date "2016.11.28"]
[Round "9.59"]
[White "Shashidhar, B Rai"]
[Black "Galvan Sarmiento, Jose Luis"]
[Result "0-1"]
[WhiteElo "1306"]
[BlackElo "1933"]
[PlyCount "110"]
[EventDate "2016.11.19"]

1. e4 e6 2. d4 d5 3. exd5 exd5 4. Bd3 Nc6 5. c3 Bd6 6. h3 Nge7 7. Qf3 Be6 8.
Ne2 Qd7 9. g4 O-O-O 10. Bf4 Ng6 11. Bxd6 Qxd6 12. Nd2 Kb8 13. O-O-O Nce7 14.
Qg3 f5 15. f4 Rhf8 16. g5 Rfe8 17. Rde1 Nc8 18. h4 Nge7 19. Ng1 Bd7 20. Ngf3
Qb6 21. Ne5 Nd6 22. Kb1 Ne4 23. Nxe4 dxe4 24. Nxd7+ Rxd7 25. Bc2 Rd6 26. Bb3
Red8 27. Qf2 a5 28. Qc2 c5 29. dxc5 Qxc5 30. Rd1 Ng6 31. Rxd6 Qxd6 32. Rd1
Qxd1+ 33. Qxd1 Rxd1+ 34. Bxd1 Nxf4 35. Bb3 Kc7 36. Bg8 h6 37. gxh6 gxh6 38. Bh7
e3 39. Kc2 Ng2 40. Kd3 f4 41. Be4 Nxh4 42. Ke2 b6 43. a4 Kd6 44. b4 Ke5 45. Bh1
Nf5 46. bxa5 bxa5 47. Bf3 Nd6 48. Kd3 Nf5 49. Ke2 Ng3+ 50. Kd3 h5 51. c4 h4 52.
c5 h3 53. c6 Kd6 54. Bd5 h2 55. c7 Kxc7 0-1

[Event "26th WSCC 2016 Open 50+"]
[Site "Marianske Lazne, Czech Republic - Hotel Cristal and Continental"]
[Date "2016.11.28"]
[Round "9.60"]
[White "Robertson, Ian C"]
[Black "Vlcek, Antonin"]
[Result "1-0"]
[WhiteElo "2127"]
[BlackElo "1798"]
[PlyCount "59"]
[EventDate "2016.11.19"]

1. e4 e5 2. Bc4 Nc6 3. d3 Nf6 4. Nf3 Bc5 5. O-O d6 6. c3 Bg4 7. b4 Bb6 8. a4 a6
9. Nbd2 O-O 10. Re1 Qd7 11. a5 Ba7 12. b5 Nxa5 13. Rxa5 axb5 14. Rxb5 c6 15.
Rb1 b5 16. Bb3 Bb6 17. Nf1 Qa7 18. Be3 c5 19. Ng3 g6 20. h3 Bh5 21. Nxh5 Nxh5
22. Bd5 Rab8 23. Rxb5 Ba5 24. Rxb8 Qxb8 25. Qa1 Bd8 26. Rb1 Qc8 27. Bh6 Re8 28.
Qa2 Qd7 29. Rb7 Bc7 30. Bxf7+ 1-0

[Event "26th WSCC 2016 Open 50+"]
[Site "Marianske Lazne, Czech Republic - Hotel Cristal and Continental"]
[Date "2016.11.28"]
[Round "9.61"]
[White "Simon, Petr"]
[Black "Paldus, Petr"]
[Result "0-1"]
[WhiteElo "1681"]
[BlackElo "2031"]
[PlyCount "48"]
[EventDate "2016.11.19"]

1. Nf3 d5 2. d4 c6 3. c4 e6 4. e3 f5 5. Bd3 Nf6 6. O-O Be7 7. Nbd2 O-O 8. b3
Ne4 9. Bb2 Bd7 10. Rc1 Be8 11. Re1 Bh5 12. Be2 Nd7 13. Nxe4 fxe4 14. Ne5 Nxe5
15. Bxh5 Nd3 16. Rc2 Nxe1 17. Qxe1 Bd6 18. f4 exf3 19. Bxf3 Qg5 20. Rf2 Rf6 21.
Bc1 Qf5 22. e4 dxe4 23. Qxe4 Qxe4 24. Bxe4 Bxh2+ 0-1

[Event "26th WSCC 2016 Open 50+"]
[Site "Marianske Lazne, Czech Republic - Hotel Cristal and Continental"]
[Date "2016.11.28"]
[Round "9.62"]
[White "Muniraju, Narayanappa"]
[Black "Shaw, Meyrick"]
[Result "0-1"]
[WhiteElo "1264"]
[BlackElo "1947"]
[PlyCount "72"]
[EventDate "2016.11.19"]

1. d4 Nf6 2. c4 g6 3. Nc3 d5 4. Bf4 Bg7 5. e3 O-O 6. Rc1 c6 7. Nf3 Qb6 8. Qc2
Na6 9. a3 Bf5 10. Qd2 Ne4 11. Nxe4 dxe4 12. c5 Qd8 13. Nh4 Bd7 14. Qc2 e5 15.
Bg3 exd4 16. Qxe4 dxe3 17. fxe3 Bxb2 18. Rb1 Bf6 19. Bxa6 Qa5+ 20. Kf2 Qxa6 21.
Qb4 Rae8 22. Nf3 Qd3 23. Qd2 Qxd2+ 24. Nxd2 Bc8 25. Rhd1 Re6 26. Nc4 Bg5 27. h4
Bh6 28. Rd3 Rf6+ 29. Kg1 Bf5 30. Rdb3 Bxb1 31. Rxb1 Re8 32. Bf2 Bf8 33. Rxb7
Bxc5 34. Rc7 Re4 35. Nd2 Ra4 36. g4 Rxg4+ 0-1

[Event "26th WSCC 2016 Open 50+"]
[Site "Marianske Lazne, Czech Republic - Hotel Cristal and Continental"]
[Date "2016.11.28"]
[Round "9.63"]
[White "Giulian, Rosemary A"]
[Black "Schneider, Waldemar"]
[Result "0-1"]
[WhiteElo "1932"]
[BlackElo "1818"]
[PlyCount "158"]
[EventDate "2016.11.19"]

1. e4 e5 2. Nf3 Nc6 3. Bb5 Bc5 4. O-O Nd4 5. Nxd4 exd4 6. d3 c6 7. Bc4 Ne7 8.
Bxf7+ Kxf7 9. Qh5+ Ng6 10. Qxc5 Qf6 11. Bg5 d6 12. Qc4+ d5 13. Bxf6 dxc4 14.
Bxd4 cxd3 15. cxd3 Rd8 16. Bc3 Rxd3 17. Nd2 b5 18. Nb3 Nf4 19. Rfe1 h5 20. Nc5
Rd8 21. g3 Ne6 22. Nxe6 Bxe6 23. a3 Rd3 24. Rad1 Rad8 25. Rxd3 Rxd3 26. f4 g6
27. Bb4 Bb3 28. Kg2 Bd1 29. Kh3 Bg4+ 30. Kh4 Rd1 31. Rxd1 Bxd1 32. h3 Bc2 33.
e5 Ke6 34. Kg5 a6 35. g4 hxg4 36. hxg4 Be4 37. Kh4 Bd3 38. Kg3 Be4 39. Kf2 Kd5
40. Ke3 Bc2 41. Kf3 Bd1+ 42. Kg3 Bb3 43. Kh4 Bc2 44. Bd6 Ke6 45. Kg5 a5 46. Kh6
a4 47. Bc5 Kd5 48. Bf2 Be4 49. Bg3 c5 50. Be1 Ke6 51. Bc3 Bd3 52. Kg7 Be4 53.
Ba5 Bd3 54. Bb6 c4 55. Bd4 Ke7 56. Kh6 Kf7 57. Kg5 Ke6 58. Kh4 Be4 59. Kg3 Kd5
60. Bc3 Ke6 61. Kf2 Kd5 62. Ke3 Bd3 63. f5 gxf5 64. g5 Ke6 65. Bd4 Bc2 66. Kd2
Be4 67. Kc3 f4 68. Kb4 Bc6 69. g6 Be8 70. g7 Kf7 71. e6+ Kg8 72. Kc5 f3 73. Kd6
b4 74. axb4 a3 75. bxa3 c3 76. Bxc3 f2 77. Bd4 f1=Q 78. Bc5 Kxg7 79. e7 Kf6 0-1

[Event "26th WSCC 2016 Open 50+"]
[Site "Marianske Lazne, Czech Republic - Hotel Cristal and Continental"]
[Date "2016.11.28"]
[Round "9.64"]
[White "Danek, Pavel"]
[Black "Dolezal, Rudolf"]
[Result "1-0"]
[WhiteElo "1917"]
[BlackElo "1744"]
[PlyCount "138"]
[EventDate "2016.11.19"]

1. d4 Nf6 2. Nf3 d5 3. Bg5 e6 4. Nbd2 Be7 5. e3 b6 6. c3 O-O 7. Bd3 Ba6 8. Bxa6
Nxa6 9. Ne5 Nb8 10. O-O Nfd7 11. Bxe7 Qxe7 12. f4 f6 13. Nxd7 Nxd7 14. e4 c5
15. exd5 exd5 16. dxc5 Qxc5+ 17. Kh1 Qb5 18. Qb3 Qd3 19. Rad1 Nc5 20. Qb4 Rfe8
21. Nb3 Qe4 22. Qd4 Qxd4 23. Nxd4 Na4 24. Rd2 Re4 25. g3 Rf8 26. Kg2 a6 27.
Rff2 b5 28. Nf5 Rd8 29. Rfe2 Nc5 30. Rxe4 Nxe4 31. Rxd5 Re8 32. Rd7 g6 33. Re7
Rxe7 34. Nxe7+ Kf7 35. Nd5 a5 36. Kf3 Nd6 37. Ke2 Ke6 38. Ne3 f5 39. Kd3 Ne4
40. c4 b4 41. Kd4 Kd6 42. g4 Nd2 43. gxf5 Nf3+ 44. Ke4 Nd2+ 45. Kd3 Nf3 46.
fxg6 hxg6 47. Ng4 Kc5 48. b3 Kd6 49. Ke3 Nh4 50. Ne5 Nf5+ 51. Ke4 Ne7 52. h3
Kc5 53. Nd7+ Kd6 54. Nf8 Kc5 55. Ke5 Nc6+ 56. Kf6 Kd4 57. Nxg6 Kc3 58. Ne5 Nd4
59. c5 a4 60. bxa4 Kb2 61. Nd3+ Kc3 62. Nc1 Kc2 63. Nb3 Nc6 64. h4 Kb2 65. h5
Kxa2 66. Nd2 Nd4 67. h6 Nb3 68. Nxb3 Kxb3 69. h7 Kxa4 1-0

[Event "26th WSCC 2016 Open 50+"]
[Site "Marianske Lazne, Czech Republic - Hotel Cristal and Continental"]
[Date "2016.11.28"]
[Round "9.65"]
[White "Wolff, Peter"]
[Black "Petersons, Ojars"]
[Result "1-0"]
[WhiteElo "1912"]
[BlackElo "1704"]
[PlyCount "107"]
[EventDate "2016.11.19"]

1. c4 f5 2. g3 Nf6 3. Bg2 e6 4. Nf3 c6 5. O-O d5 6. d3 dxc4 7. dxc4 Qxd1 8.
Rxd1 Nbd7 9. Bf4 Bc5 10. e3 O-O 11. Nc3 Re8 12. Na4 Be7 13. Bc7 Ne4 14. Nd2
Ndc5 15. Nxe4 Na6 16. Nd6 Nxc7 17. Nxe8 Nxe8 18. a3 Nf6 19. Rd2 Bd7 20. Rad1
Be8 21. Nc3 Rb8 22. Ne2 e5 23. Nc3 Bf7 24. Bf1 e4 25. h3 Be6 26. Kg2 Kf7 27.
Be2 g5 28. Rd4 Re8 29. Rb1 Kg6 30. Na4 Nd7 31. b4 b6 32. Rbd1 Ne5 33. Rc1 Rf8
34. Rd2 f4 35. exf4 gxf4 36. gxf4 Rxf4 37. Rc3 Bh4 38. f3 Be1 39. Rd6 Kf7 40.
Re3 exf3+ 41. Bxf3 Nxf3 42. Rxf3 Rxf3 43. Kxf3 Bxc4 44. Rd7+ Kg6 45. Rxa7 b5
46. Nc5 Bd5+ 47. Ke2 Bc3 48. Nd3 Be4 49. Ke3 Bf5 50. Rc7 Kg5 51. Rxc6 Bg7 52.
Rc5 Bh6 53. Nf4 Kf6 54. Rxb5 1-0

[Event "26th WSCC 2016 Open 50+"]
[Site "Marianske Lazne, Czech Republic - Hotel Cristal and Continental"]
[Date "2016.11.28"]
[Round "9.66"]
[White "Bartonicek, Zdenek"]
[Black "Svoboda, Frantisek"]
[Result "1-0"]
[WhiteElo "1894"]
[BlackElo "1701"]
[PlyCount "57"]
[EventDate "2016.11.19"]

1. e4 Nc6 2. d4 d5 3. e5 f6 4. f4 Bf5 5. Nf3 e6 6. Bd3 Nge7 7. c3 h5 8. O-O Qd7
9. b4 Bxd3 10. Qxd3 Nf5 11. Re1 Kf7 12. Nbd2 b6 13. Nf1 Nd8 14. Be3 a5 15. a3
c5 16. bxc5 Nxe3 17. Nxe3 bxc5 18. f5 c4 19. Qc2 exf5 20. Nxf5 g6 21. N5h4 Rg8
22. exf6 Kxf6 23. Ne5 Qh7 24. Qf2+ Kg7 25. Nd7 Ra6 26. Qf4 Kh8 27. Nxf8 g5 28.
Qe5+ Qg7 29. Nhg6+ 1-0

[Event "26th WSCC 2016 Open 50+"]
[Site "Marianske Lazne, Czech Republic - Hotel Cristal and Continental"]
[Date "2016.11.28"]
[Round "9.67"]
[White "Vasse, Albert"]
[Black "Jesensky, Jaromir"]
[Result "1-0"]
[WhiteElo "1826"]
[BlackElo "1500"]
[PlyCount "41"]
[EventDate "2016.11.19"]

1. e4 d5 2. exd5 Qxd5 3. Nc3 Qd6 4. d4 Nf6 5. Nf3 c6 6. Ne5 Nbd7 7. Bf4 Nd5 8.
Bg3 Nxe5 9. Nxd5 Qxd5 10. dxe5 Qe4+ 11. Qe2 Bf5 12. Qxe4 Bxe4 13. O-O-O Bd5 14.
c4 Be4 15. Rd4 Bf5 16. Be2 g6 17. f4 Bg7 18. Bh4 Rd8 19. Rxd8+ Kxd8 20. Rd1+
Bd7 21. Bg4 1-0

[Event "26th WSCC 2016 Open 50+"]
[Site "Marianske Lazne, Czech Republic - Hotel Cristal and Continental"]
[Date "2016.11.28"]
[Round "9.68"]
[White "Sand, Rosemarie"]
[Black "Melkeraen, Terje"]
[Result "0-1"]
[WhiteElo "1763"]
[BlackElo "2011"]
[PlyCount "88"]
[EventDate "2016.11.19"]

1. d4 d5 2. c4 e6 3. Nf3 Nf6 4. g3 c6 5. Qc2 Bd6 6. Bg2 O-O 7. O-O Nbd7 8. Nbd2
e5 9. dxe5 Nxe5 10. Nxe5 Bxe5 11. Nf3 Bc7 12. Bg5 dxc4 13. Qxc4 h6 14. Bxf6
Qxf6 15. Qb3 Qe7 16. e3 a5 17. Nh4 a4 18. Qc2 Be5 19. Nf3 Bf6 20. a3 Be6 21.
Nd4 Bxd4 22. exd4 Qd6 23. Qc5 Rfd8 24. Qb6 Rd7 25. Rfd1 Bb3 26. Rd2 Rad8 27.
Qa5 Qf6 28. d5 cxd5 29. Rc1 b6 30. Qb4 Rd6 31. h4 d4 32. Re1 Qf5 33. Rde2 Qf6
34. Re8+ Rxe8 35. Rxe8+ Kh7 36. Be4+ g6 37. Bd3 Kg7 38. Rb8 Bd5 39. f4 g5 40.
hxg5 hxg5 41. f5 Qe5 42. Kf1 Bf3 43. Qe1 Qe3 44. Bb5 Rh6 0-1

[Event "26th WSCC 2016 Open 50+"]
[Site "Marianske Lazne, Czech Republic - Hotel Cristal and Continental"]
[Date "2016.11.28"]
[Round "9.69"]
[White "Tkadlecek, Petr"]
[Black "Petras, Milan"]
[Result "0-1"]
[WhiteElo "1733"]
[BlackElo "1969"]
[PlyCount "98"]
[EventDate "2016.11.19"]

1. d4 g6 2. Nf3 Bg7 3. e4 d6 4. h3 Nf6 5. Bd3 O-O 6. O-O c5 7. c3 cxd4 8. cxd4
Nc6 9. Be3 e5 10. d5 Ne7 11. Nc3 Ne8 12. Bg5 h6 13. Bh4 g5 14. Bg3 f5 15. exf5
Nxf5 16. Bh2 Bd7 17. Re1 Qb6 18. Rb1 Rc8 19. Bc2 Nh4 20. Re3 Nf5 21. Re2 Ne7
22. Qd3 Bf5 23. Qd1 Nf6 24. Bxf5 Nxf5 25. Qd3 Nd7 26. b4 a6 27. a4 Qc7 28. Rb3
Qc4 29. Qxc4 Rxc4 30. Ne4 Nd4 31. Rbb2 Rc1+ 32. Ne1 Nxe2+ 33. Rxe2 Rb8 34. Nxd6
Bf8 35. Nf5 Bxb4 36. Kf1 Bxe1 37. Rxe1 Rxe1+ 38. Kxe1 b5 39. axb5 Rxb5 40. d6
a5 41. Nxh6+ Kh7 42. Nf5 a4 43. Ne3 a3 44. Nc2 a2 45. Bg3 Rb2 46. Kd1 Rxc2 47.
Kxc2 a1=Q 48. h4 gxh4 49. Bxh4 Qa4+ 0-1

[Event "26th WSCC 2016 Open 50+"]
[Site "Marianske Lazne, Czech Republic - Hotel Cristal and Continental"]
[Date "2016.11.28"]
[Round "9.70"]
[White "Meier, Franz"]
[Black "Svec, Jan"]
[Result "1-0"]
[WhiteElo "1859"]
[BlackElo "1717"]
[PlyCount "49"]
[EventDate "2016.11.19"]

1. e4 d6 2. d4 Nf6 3. Nc3 g6 4. f4 Bg7 5. e5 Nfd7 6. Nf3 O-O 7. Be3 c5 8. exd6
exd6 9. Qd2 b6 10. Bc4 Bb7 11. O-O-O Qe8 12. dxc5 dxc5 13. Ng5 Nf6 14. Nb5 Ne4
15. Nxe4 Bxe4 16. Nd6 Qd7 17. Nxe4 Qa4 18. Bd5 Na6 19. Nc3 Bxc3 20. Qxc3 Nb4
21. Qb3 Qxb3 22. Bxb3 Rfe8 23. Rhe1 Rad8 24. Rxd8 Rxd8 25. f5 1-0

[Event "26th WSCC 2016 Open 50+"]
[Site "Marianske Lazne, Czech Republic - Hotel Cristal and Continental"]
[Date "2016.11.28"]
[Round "9.71"]
[White "Macek, Oldrich"]
[Black "Kylar, Miroslav"]
[Result "0-1"]
[WhiteElo "1677"]
[BlackElo "1851"]
[PlyCount "154"]
[EventDate "2016.11.19"]

1. e4 d5 2. exd5 Qxd5 3. Nc3 Qd6 4. d4 Nf6 5. Nf3 c6 6. Be3 Bg4 7. h3 Bh5 8. g4
Bg6 9. Ne5 Nd5 10. Qf3 Nxe3 11. fxe3 Nd7 12. Nxg6 Qxg6 13. Bd3 Qf6 14. Qg3 Qd6
15. Qf2 f6 16. O-O-O O-O-O 17. e4 e5 18. dxe5 Qxe5 19. Qxa7 Bc5 20. Qa4 Bd4 21.
Qc4 Nb6 22. Qb3 h5 23. gxh5 Rxh5 24. Be2 Rg5 25. Bg4+ Kc7 26. Kb1 Ra8 27. Qf7+
Kb8 28. Qf8+ Ka7 29. Qa3+ Kb8 30. Qb4 Bc5 31. Qb3 Kc7 32. Rd3 Rd8 33. Rxd8 Kxd8
34. Rd1+ Kc7 35. Na4 Rxg4 36. hxg4 Nd7 37. Qd3 Bd6 38. c4 b6 39. a3 Qe6 40. b4
Ne5 41. Qe2 Nxc4 42. Rd3 Ne5 43. Rc3 Nxg4 44. b5 c5 45. Qc4 Qxc4 46. Rxc4 Nf2
47. Nc3 Be5 48. Kc2 g5 49. Nd1 Nh3 50. Kd3 g4 51. Ne3 g3 52. Ke2 Bd4 53. Ng2
Kd6 54. Kf3 Bf2 55. Rc1 Ke5 56. a4 Ng5+ 57. Ke2 Nxe4 58. Ra1 Nc3+ 59. Kf3 Kd5
60. a5 Nxb5 61. axb6 Kc6 62. b7 Kxb7 63. Nf4 Nd4+ 64. Kg2 f5 65. Nd3 Kc6 66.
Nxf2 gxf2 67. Kxf2 c4 68. Ra8 Kc5 69. Ke3 Nb5 70. Rf8 Nd6 71. Kd2 Kd4 72. Rd8
Ke5 73. Kc3 f4 74. Rf8 Ke4 75. Rh8 f3 76. Rh4+ Ke3 77. Rh3 Ke2 0-1

[Event "26th WSCC 2016 Open 50+"]
[Site "Marianske Lazne, Czech Republic - Hotel Cristal and Continental"]
[Date "2016.11.28"]
[Round "9.72"]
[White "Serafim Junior, Arnor"]
[Black "Privoznik, Lubos"]
[Result "0-1"]
[WhiteElo "1846"]
[BlackElo "1652"]
[PlyCount "56"]
[EventDate "2016.11.19"]

1. c4 e5 2. Nc3 Nf6 3. Nf3 Nc6 4. g3 Bb4 5. Bg2 O-O 6. O-O Re8 7. a3 Bxc3 8.
dxc3 h6 9. Qc2 e4 10. Nd4 Ne5 11. c5 Ng6 12. h3 d5 13. cxd6 Qxd6 14. Be3 Qe5
15. Nb3 Qh5 16. Bd4 Bxh3 17. Bxf6 gxf6 18. Rfd1 Qg4 19. Rd4 Bxg2 20. Kxg2 Nf4+
21. Kf1 Qh3+ 22. Ke1 Ng2+ 23. Kd2 e3+ 24. fxe3 Nxe3 25. Qd3 Nf5 26. Rd7 Qg4 27.
Nd4 Nxg3 28. Rxc7 Qf4+ 0-1

[Event "26th WSCC 2016 Open 50+"]
[Site "Marianske Lazne, Czech Republic - Hotel Cristal and Continental"]
[Date "2016.11.28"]
[Round "9.74"]
[White "Bastyr, Pavel"]
[Black "De Winter, Gerard"]
[Result "1/2-1/2"]
[WhiteElo "1462"]
[BlackElo "1771"]
[PlyCount "46"]
[EventDate "2016.11.19"]

1. e4 d5 2. exd5 Qxd5 3. Nc3 Qa5 4. d4 c6 5. Bd2 Qc7 6. Nf3 Nf6 7. Be2 Bf5 8.
O-O e6 9. Ne5 Bd6 10. Bf4 Nbd7 11. Nxd7 Qxd7 12. Be5 Qc7 13. Bxd6 Qxd6 14. Na4
O-O 15. c3 b6 16. Re1 Rfd8 17. h3 Rac8 18. b4 Qf4 19. Qc1 Qxc1 20. Raxc1 h6 21.
Bf3 Bd3 22. Nb2 Bf5 23. Nc4 c5 1/2-1/2

[Event "26th WSCC 2016 Open 50+"]
[Site "Marianske Lazne, Czech Republic - Hotel Cristal and Continental"]
[Date "2016.11.28"]
[Round "9.76"]
[White "Bauer, Matthias"]
[Black "Cesar, Geovanny"]
[Result "0-1"]
[WhiteElo "1688"]
[BlackElo "1942"]
[PlyCount "100"]
[EventDate "2016.11.19"]

1. b3 e5 2. Bb2 Nc6 3. c4 f5 4. g3 Nf6 5. Bg2 d6 6. e3 Be7 7. a3 a5 8. Ne2 O-O
9. O-O Nd7 10. Nbc3 Nb6 11. Nd5 Nxd5 12. Bxd5+ Kh8 13. Bg2 Bf6 14. d4 Bd7 15.
dxe5 dxe5 16. Qc2 e4 17. Rfd1 Qe8 18. Nf4 Be6 19. Bf1 Ne5 20. Bxe5 Bxe5 21.
Nxe6 Qxe6 22. Rab1 h5 23. c5 h4 24. Qc4 Qf6 25. Rd5 hxg3 26. hxg3 Kh7 27. f4
exf3 28. Qh4+ Qxh4 29. gxh4 Bg3 30. Bh3 g6 31. h5 Rae8 32. hxg6+ Kxg6 33. Rd3
Re4 34. Rf1 f2+ 35. Rxf2 Bxf2+ 36. Kxf2 f4 37. exf4 Rexf4+ 38. Kg2 Kf6 39. Kg3
Ke5 40. Re3+ Kd4 41. Re7 R4f7 42. Rxf7 Rxf7 43. Be6 Rg7+ 44. Kf4 Kxc5 45. a4
Kd6 46. Bc4 Re7 47. Kf3 Kc5 48. Kf4 c6 49. Bg8 b5 50. axb5 cxb5 0-1

[Event "26th WSCC 2016 Open 50+"]
[Site "Marianske Lazne, Czech Republic - Hotel Cristal and Continental"]
[Date "2016.11.28"]
[Round "9.78"]
[White "Horackova, Isabela"]
[Black "Laloucek, Miroslav"]
[Result "0-1"]
[WhiteElo "1165"]
[BlackElo "1771"]
[PlyCount "100"]
[EventDate "2016.11.19"]

1. e4 d5 2. exd5 Nf6 3. c4 e6 4. Qe2 Be7 5. Nc3 exd5 6. d4 O-O 7. Nf3 Re8 8.
Be3 b6 9. Qd3 dxc4 10. Qxc4 Be6 11. Qd3 Nd5 12. Qe4 c6 13. Be2 Nd7 14. Ne5 Nxe5
15. dxe5 Nxc3 16. bxc3 Qc7 17. O-O Bd5 18. Qf4 f6 19. Qg3 fxe5 20. Bh6 Bf6 21.
Bd3 Kh8 22. Be3 Re7 23. Qh3 e4 24. Be2 Bxc3 25. Rac1 Bf6 26. Rcd1 Be6 27. Qh5
Bxa2 28. Bg5 Bxg5 29. Qxg5 Rf8 30. Bg4 Be6 31. Be2 Ref7 32. f3 Rf5 33. Qe3 exf3
34. Rxf3 Rxf3 35. Qxe6 R3f6 36. Qe3 Qf4 37. Qd3 Qf2+ 38. Kh1 Qc5 39. Bf1 Rd6
40. Qe2 Rxd1 41. Qxd1 a5 42. h3 b5 43. Qb1 a4 44. Bd3 h6 45. Qe1 Qd4 46. Qg3
Rd8 47. Bc2 Qf6 48. Qa3 Rd2 49. Bb1 Qf1+ 50. Kh2 Rxg2# 0-1

[Event "26th WSCC 2016 Open 50+"]
[Site "Marianske Lazne, Czech Republic - Hotel Cristal and Continental"]
[Date "2016.11.28"]
[Round "9.80"]
[White "Kabyzhanov, Bulat"]
[Black "Koehler, Gerhard"]
[Result "1/2-1/2"]
[WhiteElo "2039"]
[BlackElo "2182"]
[PlyCount "92"]
[EventDate "2016.11.19"]

1. d4 Nf6 2. c4 c5 3. d5 e5 4. Nc3 d6 5. e4 Be7 6. Bd3 Nbd7 7. h3 Nf8 8. Be3
Ng6 9. g3 a6 10. Nge2 Bd7 11. f3 Nh5 12. Bf2 h6 13. Qc2 Qa5 14. Kf1 b5 15. b3
O-O 16. Kg2 Rab8 17. cxb5 axb5 18. a4 bxa4 19. bxa4 Ra8 20. Nb5 Rfb8 21. Qc3
Qxc3 22. Nbxc3 Rb4 23. Bb5 Nf8 24. Rhb1 Rxb1 25. Rxb1 Bd8 26. f4 exf4 27. gxf4
g5 28. e5 Nxf4+ 29. Nxf4 gxf4 30. exd6 Bf5 31. Bc6 Ra5 32. Rb7 Bf6 33. Be1 Ra8
34. Kf3 Ng6 35. Rxf7 Kxf7 36. Bxa8 Be5 37. Nb5 Bd3 38. d7 Ke7 39. Bc6 Bb8 40.
d6+ Bxd6 41. Bc3 Ne5+ 42. Bxe5 Bxe5 43. a5 Bxb5 44. Bxb5 c4 45. a6 Bd4 46. Ke4
Be3 1/2-1/2

[Event "26th WSCC 2016 Open 50+"]
[Site "Marianske Lazne, Czech Republic - Hotel Cristal and Continental"]
[Date "2016.11.29"]
[Round "10.1"]
[White "Bagaturov, Giorgi"]
[Black "Vlassov, Nikolai"]
[Result "1-0"]
[WhiteElo "2410"]
[BlackElo "2415"]
[PlyCount "141"]
[EventDate "2016.11.19"]

1. d4 Nf6 2. c4 Nc6 3. Nf3 e6 4. a3 d5 5. Nc3 g6 6. Bf4 a6 7. e3 Bg7 8. h3 O-O
9. Bd3 dxc4 10. Bxc4 Nd5 11. Bg3 Na5 12. Bd3 c5 13. Ne2 Nc6 14. e4 Nde7 15.
dxc5 Qa5+ 16. Qd2 Qxc5 17. O-O Qb6 18. Nc3 Rd8 19. Rfd1 Nd4 20. Nxd4 Bxd4 21.
e5 Nc6 22. Bh4 Bxe5 23. Bxd8 Qxd8 24. Be4 Qb6 25. Bxc6 Qxc6 26. Rac1 b6 27. Qe3
Bb7 28. Nd5 Qe8 29. Nc7 Bxc7 30. Rxc7 Bd5 31. Qxb6 Qd8 32. Qc5 Qg5 33. Rc8+
Rxc8 34. Qxc8+ Kg7 35. Qc3+ Kg8 36. Qc8+ Kg7 37. Qc3+ Kg8 38. Qg3 Qf6 39. Qb8+
Kg7 40. Qb4 Qg5 41. Qg4 Qd8 42. Qd4+ Kg8 43. Rc1 h5 44. Qf4 g5 45. Qe5 Kh7 46.
h4 gxh4 47. Qxh5+ Kg7 48. Qg4+ Kh6 49. Qf4+ Kg6 50. Rc7 f5 51. Rc3 Qf6 52. Rh3
Qxb2 53. Qxh4 Qc1+ 54. Kh2 f4 55. Qh7+ Kf6 56. Qh8+ Kf5 57. Rh5+ Ke4 58. Qe5+
Kd3 59. Rh3+ f3 60. gxf3 Qf1 61. f4+ Kc2 62. Qc3+ Kb1 63. Qd3+ Qxd3 64. Rxd3
Kc2 65. Re3 a5 66. Re5 Kc3 67. f5 Kd4 68. f6 Kxe5 69. f7 a4 70. f8=Q Bb3 71.
Qb4 1-0

[Event "26th WSCC 2016 Open 50+"]
[Site "Marianske Lazne, Czech Republic - Hotel Cristal and Continental"]
[Date "2016.11.29"]
[Round "10.2"]
[White "Reprintsev, Alexander"]
[Black "Mohr, Georg"]
[Result "1-0"]
[WhiteElo "2321"]
[BlackElo "2461"]
[PlyCount "87"]
[EventDate "2016.11.19"]

1. Nc3 c5 2. Nf3 Nc6 3. d4 cxd4 4. Nxd4 Nf6 5. g3 d6 6. Bg2 Bd7 7. Bg5 a6 8.
Bxf6 gxf6 9. O-O e6 10. e3 d5 11. Qh5 f5 12. Rad1 Bg7 13. Nce2 Nxd4 14. Nxd4
Rc8 15. c4 Bxd4 16. cxd5 e5 17. exd4 e4 18. Bxe4 Qf6 19. Bg2 O-O 20. Qf3 Rc4
21. Qf4 Rfc8 22. Rd2 Kg7 23. h4 h6 24. Re1 Rc1 25. Rxc1 Rxc1+ 26. Kh2 a5 27.
Qe5 a4 28. a3 b5 29. f4 Rc8 30. Bf3 Rc1 31. Kg2 Rc8 32. Kf2 Rc1 33. d6 Rc4 34.
Bb7 b4 35. Ba6 Rc6 36. Bb5 Rxd6 37. Bxd7 bxa3 38. Bxf5 a2 39. Rd1 Rxd4 40. Ra1
Rd2+ 41. Ke3 Rxb2 42. Bd3 Rg2 43. Kf3 Rb2 44. h5 1-0

[Event "26th WSCC 2016 Open 50+"]
[Site "Marianske Lazne, Czech Republic - Hotel Cristal and Continental"]
[Date "2016.11.29"]
[Round "10.3"]
[White "Arkell, Keith C"]
[Black "Sturua, Zurab"]
[Result "0-1"]
[WhiteElo "2450"]
[BlackElo "2556"]
[PlyCount "110"]
[EventDate "2016.11.19"]

1. d4 Nf6 2. Nf3 e6 3. c3 c5 4. Bg5 d5 5. Nbd2 Nbd7 6. e3 Bd6 7. Bd3 h6 8. Bh4
O-O 9. O-O b6 10. Qe2 Bb7 11. e4 dxe4 12. Nxe4 Be7 13. Nxf6+ Bxf6 14. Bxf6 Qxf6
15. Be4 Bxe4 16. Qxe4 cxd4 17. Qxd4 Qxd4 18. Nxd4 Rac8 19. Rfd1 Nc5 20. Rd2
Rfd8 21. Rad1 g6 22. f3 Na4 23. Ne2 Rxd2 24. Rxd2 Kf8 25. Kf1 b5 26. b3 Nb6 27.
Rd3 Ke7 28. Ke1 g5 29. Kd2 a6 30. Rd4 f5 31. Kc2 e5 32. Rd3 Ke6 33. Kb2 f4 34.
Ng1 Nd5 35. g4 Ne3 36. Rd2 Rc5 37. h3 Rd5 38. Kc1 Rc5 39. Ne2 Rc8 40. Kb2 Rc6
41. Nc1 Nd5 42. Rc2 Rd6 43. Nd3 Nf6 44. Nf2 e4 45. Re2 e3 46. Kc2 Rc6 47. Kb2
Nd7 48. Nd3 Rd6 49. Kc2 Ne5 50. Nxe5 Kxe5 51. b4 h5 52. gxh5 Rh6 53. Rh2 Rxh5
54. Kd3 g4 55. fxg4 Rh8 {Kd4+} 0-1

[Event "26th WSCC 2016 Open 50+"]
[Site "Marianske Lazne, Czech Republic - Hotel Cristal and Continental"]
[Date "2016.11.29"]
[Round "10.4"]
[White "Meister, Jakob"]
[Black "Berezjuk, Sergej"]
[Result "1/2-1/2"]
[WhiteElo "2444"]
[BlackElo "2431"]
[PlyCount "122"]
[EventDate "2016.11.19"]

1. d4 Nf6 2. Bf4 e6 3. e3 c5 4. Nc3 a6 5. d5 d6 6. dxe6 Bxe6 7. Nf3 Nc6 8. Ng5
Be7 9. Nxe6 fxe6 10. g4 O-O 11. g5 Ne8 12. Qg4 e5 13. Bg3 Bxg5 14. h4 Bh6 15.
O-O-O Kh8 16. Bg2 Nf6 17. Qe2 Qe7 18. Kb1 Rad8 19. h5 Bg5 20. Bxc6 bxc6 21.
Qxa6 Qc7 22. f4 exf4 23. exf4 Bh6 24. f5 Be3 25. Qd3 Bd4 26. h6 Rb8 27. Rh4
Rfd8 28. b3 Qa5 29. hxg7+ Kxg7 30. Be1 Be5 31. Na4 Qb5 32. Bc3 Qxd3 33. Rxd3
Bxc3 34. Nxc3 Rb4 35. Rhh3 Rf4 36. Rdf3 Rxf3 37. Rxf3 Re8 38. Kc1 d5 39. Kd2
Ra8 40. a4 Kf7 41. Ne2 c4 42. Nd4 c5 43. Ne6 Ne4+ 44. Ke3 cxb3 45. cxb3 c4 46.
bxc4 Rxa4 47. cxd5 Nf6 48. d6 Re4+ 49. Kd2 Rxe6 50. fxe6+ Kxe6 51. Rd3 Ne4+ 52.
Ke2 Nxd6 53. Rh3 Ke5 54. Rxh7 Nf5 55. Ra7 Nd4+ 56. Kd3 Nf5 57. Ra4 Nd6 58. Rb4
Nf5 59. Re4+ Kd5 60. Re8 Nd6 61. Rd8 Ke5 1/2-1/2